One day you'll know / (Record no. 12034)
[ view plain ]
| 000 -LEADER | |
|---|---|
| fixed length control field | 00555cam a22002175a 4500 |
| 020 ## - INTERNATIONAL STANDARD BOOK NUMBER | |
| ISBN | 0439130352 (pbk.) |
| 040 ## - CATALOGING SOURCE | |
| Transcribing agency | FTL |
| 082 00 - DEWEY DECIMAL CLASSIFICATION NUMBER | |
| Classification number | 813 SCH 2001 A092 Or. |
| 100 1# - MAIN ENTRY--AUTHOR NAME | |
| Personal name | Brooke, Lauren. |
| 245 10 - TITLE STATEMENT | |
| Title | One day you'll know / |
| 260 ## - PUBLICATION, DISTRIBUTION, ETC. (IMPRINT) | |
| Place of publication | New York : |
| Name of publisher | Scholastic, |
| Year of publication | 2001. |
| 300 ## - PHYSICAL DESCRIPTION | |
| Number of Pages | 193 p. ; |
| Dimensions | 20 cm. |
| 490 1# - SERIES STATEMENT | |
| Series statement | Heartland ; |
| 500 ## - GENERAL NOTE | |
| General note | "A Working partners series"--P. [4] of cover. |
| 650 #1 - SUBJECT ADDED ENTRY--TOPICAL TERM | |
| Topical Term | Horses |
| 650 #1 - SUBJECT ADDED ENTRY--TOPICAL TERM | |
| Topical Term | Motherless families |
| 650 #1 - SUBJECT ADDED ENTRY--TOPICAL TERM | |
| Topical Term | Horse farms |
| 650 #1 - SUBJECT ADDED ENTRY--TOPICAL TERM | |
| Topical Term | Grief |
| 650 #1 - SUBJECT ADDED ENTRY--TOPICAL TERM | |
| Topical Term | Interpersonal relations |
| 942 ## - ADDED ENTRY ELEMENTS (KOHA) | |
| Koha item type | សៀវភៅភាសាអង់គ្លេស |
| 952 ## - LOCATION AND ITEM INFORMATION (KOHA) | |
| Withdrawn status [LOCAL, KOHA] | 0 |
| Permanent Location | Date acquired | Koha item type | Lost status | Shelving location | Barcode | Current Location | Full call number |
|---|---|---|---|---|---|---|---|
| Library Block A | 2017-08-09 | សៀវភៅភាសាអង់គ្លេស | A097 | A20121 | Library Block D | 813 SCH 2001 A097 Or. |